| 000 | 00550cam a22001691 4500 | ||
|---|---|---|---|
| 082 |
_a624.25 _bHIL _cL-38, P-110 |
||
| 100 | 1 |
_aHill, David Young, _943436 |
|
| 245 | 1 | 0 |
_aBridge calculation and design, _bfor steel bridges. |
| 250 | _a[2d ed., rev.] | ||
| 260 |
_aLondon, _bC. Griffin _c[1962] |
||
| 300 |
_aviii, 296 p. _billus., diagrs. (part fold.) tables. _c23 cm. |
||
| 526 |
_a0 _b0 _c0 _d624_250000000000000_HIL |
||
| 650 | 0 |
_aBridges _xDesign and construction. _9801 |
|
| 650 | 0 | _aIron and steel bridges. | |
| 650 | 0 |
_aMCE _9379 |
|
| 942 |
_2ddc _cBK |
||
| 999 |
_c547247 _d547247 |
||